Metodologické problémy plánovania životného prostredia 1. etapa

Salvato in:
Dettagli Bibliografici
Autore principale: Büngerová, Mária
Altri autori: Lacko, Rastislav, Ondruš, Vladimír
Natura: Libro
Lingua:slovacco
Pubblicazione: Bratislava Výskumný ústav životnej úrovne 1983
Tags: Aggiungi Tag
Nessun Tag, puoi essere il primo ad aggiungerne!!

MARC

LEADER 00000nam a2200000 4500
001 c115034
005 20181203150329.7
041 0 |a slo 
044 |a SK 
245 1 0 |a Metodologické problémy plánovania životného prostredia  |b 1. etapa  |c Mária Büngerová, Rastislav Lacko, Vladimír Ondruš 
264 1 |a Bratislava  |b Výskumný ústav životnej úrovne  |c 1983 
300 |a 111 s. 
100 1 |a Büngerová, Mária 
700 1 |a Lacko, Rastislav 
700 1 |a Ondruš, Vladimír